000 01226nam a2200301 i 4500
001 000021208
003 DO-SdBNP
005 20240227073914.0
007 ta
008 100902s1931 cu ac 000 0 spa d
040 _aDO-SdBNP
_bspa
_cBNPHU
_erda
082 4 _a972.91
_bH519L
_222
100 1 _aHenríquez Ureña, Max,
_d1885-1968
_eautor
_92621
245 1 3 _aEl libro de Santiago de Cuba :
_bresumen histórico-descriptivo compuesto /
_c Max Henríquez Ureña.
264 _aSantiago de Cuba :
_bArchipiélago,
_c1931.
300 _a80, (30) páginas :
_bilustraciones y retratos ;
_c25 cm.
336 _2rdacontent
_atexto
_btxt
337 _2rdamedia
_asin mediación
_bn
338 _2rdacarrier
_avolumen
_bnc
500 _aIncluye referencias bibliográficas y notas al pie de las páginas
500 _aPrimer fascículo
505 0 _aNoticia histórica sobre Santiago de Cuba/
_rMax Henríquez Ureña
_tLas fuerzas vivas de Santiago de Cuba/
_rMatias Vega y M. Morillo.
590 _aInventariado, 2018/ YL
651 4 _aSantiago De Cuba (Cuba{Rpara}
_xHistoria
_944330
651 4 _aSantiago De Cuba (Cuba{Rpara}
_xDescripciones Y Viajes
_944331
910 _aValidado. Control de calidad MFF.
942 _2ddc
_cLBS1
999 _c20709
_d20709